[Event "DVM U20 2010"]
[Site "Osnabrück GER"]
[Date "2010.12.29"]
[Round "6"]
[White "Schamschurko, Victor"]
[Black "Schiffner, Kevin"]
[Result "0-1"]
[Termination "normal"]
[Board "8.3"]
[WhiteElo "1749"]
[BlackElo "1948"]
[WhiteTeam "USV TU Dresden"]
[BlackTeam "SG Aufbau Elbe Magdeburg"]
[PlyCount "136"]
[WhiteFideId "24695637"]
[BlackFideId "24674940"]
[EventCountry "GER"]
[EventRounds "7"]
[EventType "team-swiss"]
[EventDate "2010.12.26"]

1. e4 c5 2. Nc3 e6 3. f4 Nc6 4. Bb5 d6 5. Bxc6+ bxc6 6. Nf3 d5 7. d3 Nf6 8. O-O
Be7 9. e5 Nd7 10. Qe1 Nf8 11. Ne2 h5 12. c3 Ng6 13. Be3 Rb8 14. Rb1 Qa5 15. a3
Qa4 16. Qd2 Ba6 17. d4 cxd4 18. cxd4 O-O 19. Nc3 Qb3 20. Rfe1 Nh4 21. Nxh4 Bxh4
22. g3 Bd8 23. Qd1 Ba5 24. Qd2 Rfc8 25. Red1 Rc7 26. Bf2 Bb6 27. Ne2 c5 28.
dxc5 Bxc5 29. Bxc5 Rxc5 30. Nd4 Qb6 31. b4 Rc4 32. Kg2 Rbc8 33. Kh3 Bb5 34.
Nxb5 Qxb5 35. Qe2 g6 36. Rdc1 Qa4 37. Rxc4 Rxc4 38. Qe3 Qc2 39. Rf1 Qf5+ 40.
Kg2 d4 41. Qf3 Rc2+ 42. Kg1 d3 43. Rd1 Rc3 44. Qa8+ Kg7 45. Qxa7 Qe4 46. Qf2
Rc2 47. Qf1 Qe3+ 48. Kh1 Rf2 49. Qxd3 Qa7 50. Qe4 Qxa3 51. b5 Qb2 52. Kg1 Rxh2
53. Rf1 Re2 54. Qc6 Rc2 55. Qe4 Re2 56. Qc6 Qa3 57. Rf3 Qa1+ 58. Rf1 Qd4+ 59.
Kh1 Rb2 60. Rg1 h4 61. Qf3 hxg3 62. Qxg3 Rxb5 63. Qg5 Qd3 64. Qf6+ Kg8 65. Rg2
Qh3+ 66. Kg1 Rb1+ 67. Kf2 Rb2+ 68. Ke1 Qh1+ 0-1

[Event "DVM U20 2010"]
[Site "Osnabrück GER"]
[Date "2010.12.29"]
[Round "6"]
[White "Brüggemann, Florian"]
[Black "Pfefferkorn, Kai"]
[Result "1-0"]
[Termination "normal"]
[Board "8.4"]
[WhiteElo "2026"]
[BlackElo "1570"]
[WhiteTeam "SG Aufbau Elbe Magdeburg"]
[BlackTeam "USV TU Dresden"]
[PlyCount "169"]
[WhiteFideId "24645567"]
[BlackFideId "12910295"]
[EventCountry "GER"]
[EventRounds "7"]
[EventType "team-swiss"]
[EventDate "2010.12.26"]

1. e4 c5 2. Nf3 d6 3. d4 cxd4 4. Nxd4 Nf6 5. Nc3 a6 6. Bc4 e6 7. a4 Be7 8. g4
e5 9. Nf5 Bxf5 10. gxf5 O-O 11. Be3 Nbd7 12. Rg1 Kh8 13. Qf3 Qe8 14. Bd5 Nxd5
15. Nxd5 Rc8 16. c3 Nf6 17. Nxf6 Bxf6 18. Rg3 g6 19. Bh6 Rg8 20. fxg6 Qe6 21.
gxf7 Qxf7 22. Bg5 Rcf8 23. Bxf6+ Qxf6 24. Qxf6+ Rxf6 25. Ke2 Rf4 26. f3 Rh4 27.
Rxg8+ Kxg8 28. Rg1+ Kf7 29. Rg2 Ke6 30. c4 a5 31. Kf2 Rh6 32. Kg1 Kf7 33. Rd2
Rg6+ 34. Kh1 Rf6 35. Rd3 b6 36. Rb3 Ke6 37. Kg2 Rg6+ 38. Kf2 Rh6 39. h3 Rxh3
40. Kg2 Rh6 41. Rxb6 Rg6+ 42. Kf2 Rg7 43. Rb5 Ra7 44. Ke3 Rc7 45. b3 Ra7 46. f4
exf4+ 47. Kxf4 Rf7+ 48. Ke3 Ra7 49. Kd4 Kd7 50. Rh5 Kc6 51. Rh6 Rb7 52. Kc3 Kc5
53. Rh5+ Kb6 54. Rd5 Rd7 55. e5 Re7 56. Rxd6+ Kc7 57. Rd5 Kb6 58. Rb5+ Ka6 59.
Kd4 h5 60. Ke4 h4 61. Kf3 Rg7 62. e6 Rg6 63. Re5 h3 64. e7 h2 65. Re1 Rg1 66.
Rxg1 hxg1=Q 67. e8=Q Qd1+ 68. Kf4 Qf1+ 69. Kg5 Qg1+ 70. Kf6 Qf2+ 71. Kg7 Qd4+
72. Kg8 Qg4+ 73. Kf8 Qg2 74. Qb5+ Ka7 75. Qxa5+ Kb8 76. Qe5+ Kc8 77. Qd5 Qf2+
78. Ke7 Qh4+ 79. Kd6 Qf4+ 80. Kc5 Qe3+ 81. Kb4 Qe1+ 82. Kb5 Qh4 83. b4 Qg4 84.
a5 Qg1 85. Qc5+ 1-0

[Event "DVM U20 2010"]
[Site "Osnabrück GER"]
[Date "2010.12.29"]
[Round "6"]
[White "Nieke, Gottfried"]
[Black "Rickmann, David"]
[Result "0-1"]
[Termination "normal"]
[Board "8.5"]
[WhiteElo "1430"]
[BlackElo "1876"]
[WhiteTeam "USV TU Dresden"]
[BlackTeam "SG Aufbau Elbe Magdeburg"]
[PlyCount "82"]
[BlackFideId "24657360"]
[EventCountry "GER"]
[EventRounds "7"]
[EventType "team-swiss"]
[EventDate "2010.12.26"]

1. e4 d5 2. exd5 Qxd5 3. Nc3 Qd6 4. Nf3 Nf6 5. Bc4 a6 6. O-O Bg4 7. a4 Nc6 8.
Re1 e6 9. h3 Bh5 10. Ne4 Nxe4 11. Rxe4 O-O-O 12. c3 h6 13. Rh4 Bg6 14. Nd4 Be7
15. Rg4 Bh5 16. Nxc6 Qxc6 17. Be2 Bxg4 18. Bxg4 a5 19. d4 f5 20. Bf3 Qb6 21.
Qe2 Bg5 22. Rb1 g6 23. Ra1 Rde8 24. Kf1 Bxc1 25. Rxc1 Re7 26. Qe5 Rhe8 27. Qe2
e5 28. dxe5 Rxe5 29. Qc2 Qe6 30. Qd2 Qc4+ 31. Kg1 Qxa4 32. Bd1 Re1+ 33. Kh2 Qh4
34. g3 Qe7 35. Kg2 g5 36. Qc2 Qe4+ 37. Qxe4 R8xe4 38. Rb1 R4e2 39. Bc2 Rxb1 40.
Bxb1 Rxb2 41. Bxf5+ Kd8 0-1